Analysis of sales – effect of the price changes, and Paret‘s analysis of sales

Ciele Paretovej analýzy štruktúry tržieb a podklady pre rozhodovaciu činnosť. Vývoj reálnych tržieb prakticky predurčuje vývoj reálneho výsledku hospodárenia (reálneho zisku).

Gespeichert in:
Bibliographische Detailangaben
1. Verfasser: Chajdiak, Jozef
Weitere Verfasser: Glatz, Mária, Mišota, Branislav
Format: Buchkapitel
Sprache:Slowakisch
Schlagworte:
Tags: Tag hinzufügen
Keine Tags, Fügen Sie das erste Tag hinzu!

MARC

LEADER 00000nla a2200000 4500
001 0228646
005 20240417075113.0
041 0 |a slo 
044 |a SK 
245 1 0 |a Analysis of sales – effect of the price changes, and Paret‘s analysis of sales  |c Jozef Chajdiak, Mária Glatz, Branislav Mišota 
520 |a Ciele Paretovej analýzy štruktúry tržieb a podklady pre rozhodovaciu činnosť. Vývoj reálnych tržieb prakticky predurčuje vývoj reálneho výsledku hospodárenia (reálneho zisku). 
610 2 0 |a hospodárstvo podnikové 
610 2 0 |a produkcia 
610 2 0 |a ceny spotrebiteľské 
610 2 0 |a ciele finančné 
610 2 0 |a tržby 
610 2 0 |a zisk podnikový 
610 2 0 |a optimum Paretovo 
100 1 |a Chajdiak, Jozef 
700 1 |a Glatz, Mária 
700 1 |a Mišota, Branislav